| 000 | 01040cam a22003137a 4500 | ||
|---|---|---|---|
| 003 | CHAP | ||
| 005 | 20220817041545.0 | ||
| 008 | 971013s1992 r 00010 d | ||
| 010 | _a17990 | ||
| 011 | _a18962 | ||
| 035 | _a23047 | ||
| 040 | _cCHAP | ||
| 082 |
_a331.763 _bT84 |
||
| 100 | 0 | 0 |
_aTshibaka, Tshikala B. _9115445 |
| 245 | 0 | _aLabor in the rural household economy of the Zairian basin | |
| 260 |
_aWashington, D. C. : _bInternational Food Policy Research Institute, _c1992 |
||
| 300 |
_a64 p. _b; gráfs. |
||
| 410 | _aInternational Food Policy Research Institute | ||
| 490 | 0 |
_aResearch report _v; 90 |
|
| 590 |
_aBATCH-UPD _b10 _c20130110 _lUCH01 _h1938 |
||
| 590 |
_aCONVERSION _b10 _c20130109 _lUCH01 _h1311 |
||
| 650 | 1 | 4 |
_aAgricultura _xTrabajadores _xZaire. _91883 |
| 650 | 1 | 4 | _aTrabajo y trabajadores. |
| 810 | _aInternational Food Policy Research Institute | ||
| 830 | 0 |
_aResearch report _v; 90 _996080 |
|
| 901 | _aBK | ||
| 942 | _cLIBRO | ||
| 949 |
_a331.763 T84 _bBC _cLIBRO _d33724000326690 _eLIBRO _h87137 _i23047 _si |
||
| 999 |
_c17990 _d17990 |
||